Songs by Lyric - Statistics

General Stats
  • This quiz has been taken 29 times
  • The average score is 7 of 25
Answer Stats
Hint Answer % Correct
Mamma... just killed a man Bohemian Rhapsody - Queen
100%
Impossible not to do, impossible not to do. Dreams - The Cranberries
76%
I walk a lonely road, the only road that I have ever known Boulevard of Broken Dreams - Green Day
72%
On a dark desert highway, cool wind in my hair. Hotel California - Eagles
52%
All the leaves are brown, and the sky is gray California Dreamin - The Mamas and the Papas
48%
Back and forth through my mind, behind a cigarette Seven Nation Army - The White Stripes
44%
There's a lady who's sure, all that glitter is gold. Stairway to Heaven - Led Zeppelin
40%
Loving you... is it the right thing to do? Go Your Own Way - Fleetwood Mac
36%
Ground Control to Major Tom Space Oddity - David Bowie
36%
Here come old flattop, he come grooving up slowly Come Together - The Beatles
28%
All for freedom, all for pleasure, nothing ever lasts forever. Everybody Wants to Rule the World - Tears for Fears
24%
Darling, won;t you ease my worried mind Layla - Derek and the Dominoes
24%
I'll tell you once more, before I get off the floor. Don't Bring Me Down - Electric Light Orchestra
20%
So you think I got an evil mind. Cum on Feel The Noize - Slade
16%
Outside, there's a boxcar waiting Here Comes Your Man - Pixies
12%
I've been funny, I've been cool with the lines Jessie's Girl - Rick Springfield
12%
Just a steel-town girl on a Saturday night Maniac - Michael Sembello
12%
Pumped a lotta 'pane down in New Orleans Proud Mary - Creedence Clearwater Revival
12%
If it was warm, she wouldn't wear much more Raspberry Beret - Prince
12%
And a man comes on the radio, hes telling me more and more Satisfaction - The Rolling Stones
12%
Its okay to eat fish, cause they don't have any feelings Something In the Way - Nirvana
12%
God, what a mess, on the ladder of success Bastards of Young - The Replacements
8%
She dances while his father plays guitar Mr Jones - The Counting Crows
8%
Ice age, heat wave, can't complain The World at Large - Modest Mouse
8%
Punctured bicycle on a hillside desolate This Charming Man - The Smiths
4%
No matching quizzes found
Score Distribution
Percent of People with Each Score
Percentile by Number Answered
Your Score History
You have not taken this quiz